01244nam a2200325 a 450000100080000000500110000800800410001910000130006024500950007326000240016830000070019250003970019965300160059665300180061265300160063065300290064665300290067565300260070465300130073065300130074365300130075665300100076965300200077965300170079965300130081665300230082965300230085265300190087565300240089410099041998-10-16 1978 bl uuuu 00u1 u #d1 aCEPA-SC. aEstudos basicos para o planejamento do desenvolvimento agricola e rural de Santa Catarina. aFlorianopolisc1978 a5v aConteudo: v.1 Interpretacao historica e posicionamento do setor agricola no contexto economico e social do estado. - v.2 Dotacao de recursos do setor agricola estadual. - v.3 Producao e os sistemas de producao - v.4 Comercializacao agricola - v.5 Conclusoes, balancos e avaliacoes, perspectivas de desenvolvimento, sintese da situacao atual, obstaculos e estimulos ao desenvolvimento agricola aAGRICULTURA aARMAZENAMENTO aCOLONIZACAO aCOMERCIALIZACAO AGRICOLA aDESENVOLVIMENTO AGRICOLA aDESENVOLVIMENTO RURAL aECONOMIA aHISTORIA aOCUPACAO aPESCA aPESCA ARTESANAL aPLANEJAMENTO aPRODUCAO aPRODUCAO PESQUEIRA aRECURSO FINANCEIRO aSANTA CATARINA aSISTEMA DE PRODUCAO